000 00737nam a22001577a 4500
003 OSt
005 20151114142505.0
008 151114b xxu||||| |||| 00| 0 eng d
040 _cRUA
082 _aFOR SAM 2013 B142 Or.1
100 _93680
_aSAM, SREY NICH.
245 _aUnilzation of non timber forest prodct in the samrong community forest of samrong commune tramka district takeo province, ការប្រើប្រាស់ផល-អនុផលព្រៃឈើនៅក្នុងសហគមន៍ព្រៃឈើសំរោង ឃុំសំរោង ស្រុកត្រាំកក់ ខេត្តតាកែវ
260 _aPhnom Penh
_bRUA
_c2013
300 _axii, 52p.
_bill.
_c29cm.
942 _2ddc
_cFOR
999 _c3428
_d3428